| 000 | 00806nam a2200205 a 4500 | ||
|---|---|---|---|
| 001 | 000236292 | ||
| 003 | AM-YeHGA | ||
| 005 | 20250618071607.0 | ||
| 008 | 030618s1990 ai 000 | arm d | ||
| 040 | _aAM-YeHGA | ||
| 245 | 1 | 0 |
_aՎերդի : _b[Օպերայի վեպ] / _cՖ. Վերֆել; Գերմ. թարգմ.՝ Լ. Տեր-Մինասյան; Խմբ.՝ Ռ.Պ. Նազարյան. |
| 260 |
_aԵրևան : _bՀայաստան, _c1990. |
||
| 300 |
_a461 էջ ; _c21 սմ. |
||
| 500 | _aՏողատակի ծանոթագր. | ||
| 600 | 1 | 4 | _aՎերդի, Ջուզեպպե |
| 650 | 1 | 4 |
_aԳերմանական գրականություն _xՎեպ |
| 700 | 1 |
_aՏեր-Մինասյան, Լիլի Երվանդի, _d1921-1998 _eթարգմ. _4trl _92832 |
|
| 700 | 1 |
_aՆազարյան, Ռ.Պ. _eխմբ. _4edt |
|
| 090 | _c84831 | ||
| 999 |
_c83556 _d83556 |
||